000 00460pab a2200145 454500
008 180718b xxu||||| |||| 00| 0 eng d
100 _aGulab, S.
245 _aRural employment programmes: case for involving voluntary organisations
650 _a Voluntary Organisations
650 _a Social Service Agencies
650 _a Rural Employment
650 _aEmployment, Rural - India - Andhra Pradesh
773 _aEconomic and Political Weekly
909 _a23660
999 _c23660
_d23660